Statistics for Céline Dion - Ashes Lyrics

Click here to take the quiz!

General Stats

  • This quiz has been taken 22 times
  • The average score is 17 of 22

Answer Stats

Lyric % Correct
What's {left} to say?
100%
Let beauty come out of {ashes}
94%
I've been bending backwards till I'm {broke}
88%
Can {beauty} come out of ashes?
88%
I'm losing my {voice} calling on you
81%
Watching all {these} dreams go up in smoke
81%
What's left to do with these {broken} pieces on the floor?
75%
'Cause I've {been} shaking
75%
Let beauty {come} out of ashes
75%
Let beauty come {out} of ashes
75%
{Can} beauty come out of ashes?
75%
'Cause I've been {shaking}
69%
These prayers ain't {working} anymore
69%
Every word shot down in {flames}
69%
And when I pray to God all I {ask} is
69%
I've been {bending} backwards till I'm broke
63%
And {when} I pray to God all I ask is
63%
'Cause I {need} you here, woah
56%
{Watching} all these dreams go up in smoke
56%
Can you use these {tears} to put out the fires in my soul?
50%

Score Distribution

Percentile by Number Answered

Percent of People with Each Score

Your Score History

You have not taken this quiz